Electrical Circuits And Machines (Record no. 320653)

MARC details
000 -LEADER
fixed length control field 00435nam a2200169Ia 4500
008 - FIXED-LENGTH DATA ELEMENTS--GENERAL INFORMATION
fixed length control field 230718s9999 xx 000 0 und d
041 ## - LANGUAGE CODE
Language code of text/sound track or separate title eng
082 ## - DEWEY DECIMAL CLASSIFICATION NUMBER
Classification number 621.313
Item number BAK
100 ## - MAIN ENTRY--PERSONAL NAME
Personal name Bakshi U.A.
245 ## - TITLE STATEMENT
Title Electrical Circuits And Machines
250 ## - EDITION STATEMENT
Edition statement 5th Revised ed.
260 ## - PUBLICATION, DISTRIBUTION, ETC. (IMPRINT)
Date of publication, distribution, etc. 2009
Name of publisher, distributor, etc. Technical
300 ## - PHYSICAL DESCRIPTION
Extent 654
365 ## - TRADE PRICE
Currency code Rs.
Price amount 395.00
700 ## - ADDED ENTRY--PERSONAL NAME
Personal name Bakshi U.A. & Bakshi V.U.
906 ## - LOCAL DATA ELEMENT F, LDF (RLIN)
d B:203111-Jan-2009
c SS
b 671.5
Holdings
Withdrawn status Lost status Damaged status Not for loan Home library Current library Date acquired Vendor Budget Code Cost, normal purchase price Bill number Full call number Barcode Date last seen Discount Cost, replacement price Bill Date Koha item type Original Barcode
Withdrawn       Cummins College of Engineering for Women Pune Cummins College of Engineering for Women Pune 03/03/2009 Om Book Stall SS 327.85 2031 621.313 CCEP-BK-31860 18/07/2023 671.5 395.00 11/01/2009 Books 031860